Sports Quiz

Random Sports or Baseball Quiz

List the UMF 2011 Baseball team Quiz Stats

 Plays Quiz not verified by Sporcle

Challenge
Share
Tweet
Embed
Score 0/23 Timer 03:00
0 Plays Today
Jersey number Name % Correct
23Brandon Gallagher
100%
Injured/GradesBrett Wallingford
94.4%
5Dale Winchenbach
88.9%
17Connor McNeill
88.9%
20Josh Garneau
88.9%
21Brian Jenkins
88.9%
45Casey Ashey
83.3%
ManagerChris Bessey
77.8%
7Russ Schmelzer
72.2%
9Eddie Flaherty
61.1%
14Andrew James
61.1%
4Matt Levine
55.6%
Jersey number Name % Correct
1Ben Pearson
44.4%
44Will Griffiths
44.4%
3Chris Whitney
38.9%
32Alex Goldrup
38.9%
10Zach Keene
33.3%
11Pat Wrigley
27.8%
13Ian McAlister
27.8%
2Jackie MacVane
16.7%
22Joe Messerman
11.1%
16Devin Young
5.6%
Asst. ManagerOliver Pettengill
5.6%

You're not logged in!

Compare scores with friends on all Sporcle quizzes.
Join for Free
OR
Log In

You Might Also Like...

Show Comments

Extras

Created Dec 18, 2015ReportNominate
Tags:Baseball Quiz, 2011, jersey, team

Top Quizzes Today


Score Distribution

Your Account Isn't Verified!

In order to create a playlist on Sporcle, you need to verify the email address you used during registration. Go to your Sporcle Settings to finish the process.

Report this User

Report this user for behavior that violates our Community Guidelines.

Details: